| 000 | 00402nam a2200157Ia 4500 | ||
|---|---|---|---|
| 008 | 210716s2016 xx 000 0 und d | ||
| 020 | _a9781107109544 | ||
| 041 | _aeng | ||
| 082 | _a338.954 TANM | ||
| 100 | _aTantri, Malini L. | ||
| 245 | _aSpecial economic zones in India. | ||
| 250 | _a1 | ||
| 260 |
_aNew Delhi _bCambridge University Press _c2016 |
||
| 300 | _axviii,171 | ||
| 650 | _aEconomics | ||
| 999 |
_c210173 _d210173 |
||